The moon. (Record no. 131485)
[ view plain ]
| 000 -LEADER | |
|---|---|
| fixed length control field | 00747cam7a220024100 4500 |
| 001 - CONTROL NUMBER | |
| control field | qce01671724 |
| 005 - DATE AND TIME OF LATEST TRANSACTION | |
| control field | 20190822105747.0 |
| 008 - FIXED-LENGTH DATA ELEMENTS--GENERAL INFORMATION | |
| fixed length control field | 750325s1969 ne eng u |
| 035 ## - SYSTEM CONTROL NUMBER | |
| System control number | (Sirsi) r93883 |
| 035 ## - SYSTEM CONTROL NUMBER | |
| System control number | (QCAT)lss00776708 |
| 035 ## - SYSTEM CONTROL NUMBER | |
| System control number | (UPRA)qce01671724 |
| 040 ## - CATALOGING SOURCE | |
| Modifying agency | UPRA |
| 082 ## - DEWEY DECIMAL CLASSIFICATION NUMBER | |
| Classification number | 523.3 |
| 100 1# - MAIN ENTRY--PERSONAL NAME | |
| Personal name | Kopal, Zdenek, 1914- |
| Dates associated with a name | Kopal, Zdenek, 1914- |
| Linkage | A52626.1 |
| 245 14 - TITLE STATEMENT | |
| Title | The moon. |
| 260 ## - PUBLICATION, DISTRIBUTION, ETC. | |
| Place of publication, distribution, etc. | Dordrecht : |
| Name of publisher, distributor, etc. | D. Reidel, |
| Date of publication, distribution, etc. | [c1969] |
| 500 ## - GENERAL NOTE | |
| General note | Two fold. col. maps in pocket. |
| 500 ## - GENERAL NOTE | |
| General note | First ed. published in 1966 under title: An introduction to the study of the moon. |
| 504 ## - BIBLIOGRAPHY, ETC. NOTE | |
| Bibliography, etc. note | Bibliography: p. [493]-517. |
| 651 #0 - SUBJECT ADDED ENTRY--GEOGRAPHIC NAME | |
| Geographic name | Moon. |
| Linkage | S29461.1 |
| 949 ## - LOCAL PROCESSING INFORMATION (OCLC) | |
| a | QB581 |
| w | lcc |
| i | -132101 |
| m | MAIN |
| t | BOOK |
| l | ON-SHELF |
No items available.